| 000 | 00583cam a2200217 4500 | ||
|---|---|---|---|
| 008 | 090401t1988 xxu||||| |||| 00| 0 eng d | ||
| 020 | _a1850320357 | ||
| 035 | _a(Sirsi) u36148 | ||
| 041 | _aeng | ||
| 050 | _a692.2 | ||
| 100 | _aStephenson, John | ||
| 245 | _aBuilding regulations explained 1985 revised | ||
| 250 | _a2nd ed. | ||
| 260 |
_aLondon _bInternational Thomson Publishing Limited _c1988 |
||
| 300 | _aca.300p. : ill. ; 30cm. | ||
| 350 | _a0 | ||
| 520 | _aBuilding Trades Journal Book | ||
| 650 |
_aBUILDING CONTROL _96222 |
||
| 942 | _n0 | ||
| 948 | _c04/03/1997 | ||
| 999 |
_c90192 _d90192 |
||